| 000 | 02218cam a2200373 i 4500 | ||
|---|---|---|---|
| 001 | 24173435 | ||
| 003 | BJBSDDR | ||
| 005 | 20260213164506.0 | ||
| 007 | ta | ||
| 008 | 240912s2024 fr b 000 0 fre d | ||
| 010 | _a 2024384523 | ||
| 020 | _a9782380946123 (paperback) | ||
| 020 | _a2380946124 (paperback) | ||
| 035 | _a(Fr-PaAMA)AAL08409355-0001 | ||
| 040 |
_aFr-PaAMA _beng _erda _cFr-PaAMA _dDLC |
||
| 041 | _afre | ||
| 042 | _alccopycat | ||
| 050 | 1 | 4 |
_aUG 479 _bV136h 2024 |
| 100 | 1 |
_aValantin, Jean-Michel _925238 |
|
| 245 | 1 | 0 |
_aHyperguerre : _bcomment l'IA révolutionne la guerre / _cJean-Michel Valantin. |
| 264 | 1 |
_aParis : _bNouveau Monde éditions, _c2024. |
|
| 300 |
_a280 pages, 8 unnumbered pages ; _c23 cm. |
||
| 336 |
_atext _btxt _2rdacontent |
||
| 337 |
_aunmediated _bn _2rdamedia |
||
| 338 |
_avolume _bnc _2rdacarrier |
||
| 500 | _a"IA" stands for: "Intelligence artificielle." | ||
| 504 | _aIncludes bibliographical references (pages 279-281). | ||
| 520 | _aL'intelligence artificielle est en train de changer radicalement la guerre. Drones, avions de combat, missiles hypersoniques... deviennent des armes autonomes régies par des algorithmes. Mais l'IA révolutionne également la stratégie à travers la guerre cognitive et une nouvelle course aux armements. Dans cet ouvrage pionnier, Jean-Michel Valantin raconte comment l'IA influe sur les guerres actuelles : Ukraine, Moyen-Orient, mer Rouge, et tout l'arc des crises qui va du Sahel à l'Asie centrale. Il explique comment les États-Unis et la Chine préparent leurs guerres à venir en intégrant massivement l'IA aux armées. Une militarisation de l'IA qui annonce également la projection de robots autonomes et auto-apprenants dans les grands fonds marins et dans l'espace pour les guerres des ressources. L'IA est devenue le moteur d'une nouvelle forme de pouvoir. Aussi, comprendre ce processus | ||
| 650 | 0 |
_aArtificial intelligence _xMilitary applications. |
|
| 650 | 4 |
_aInteligencia artificial _xAplicaciones militares _947095 |
|
| 906 |
_a7 _bcbc _ccopycat _d3 _encip _f20 _gy-gencatlg |
||
| 942 |
_2lcc _cBK |
||
| 999 |
_c123673 _d123673 |
||